A study of polytheism and idolatry in the Quran / (Record no. 74018)
[ view plain ]
| 000 -LEADER | |
|---|---|
| fixed length control field | 00770nam a2200241 a 4500 |
| 001 - CONTROL NUMBER | |
| control field | 74018 |
| 003 - CONTROL NUMBER IDENTIFIER | |
| rucl marc code | BD-RjUL |
| 005 - DATE AND TIME OF LATEST TRANSACTION | |
| control field | 20211209082458.0 |
| 008 - FIXED-LENGTH DATA ELEMENTS--GENERAL INFORMATION | |
| fixed length control field | 171227s2010 ir |||| |||| 0|| 0 eng d |
| 020 ## - INTERNATIONAL STANDARD BOOK NUMBER | |
| International Standard Book Number | 9789645296610 |
| 035 ## - SYSTEM CONTROL NUMBER | |
| System control number | (BD-RjUL)74236 |
| 040 ## - CATALOGING SOURCE | |
| Original cataloging agency | BD-RjUL |
| Language of cataloging | eng |
| Transcribing agency | BD-RjUL |
| 041 ## - LANGUAGE CODE | |
| Language code of text/sound track or separate title | eng |
| 082 ## - DEWEY DECIMAL CLASSIFICATION NUMBER | |
| Edition number | 23 |
| Classification number | 297.211 |
| Author mark and year | HUS 2010 |
| 100 ## - MAIN ENTRY--PERSONAL NAME | |
| Personal name | Husayni , Abbās Sayyid Karīmī |
| 9 (RLIN) | 219919 |
| 245 12 - TITLE STATEMENT | |
| Title | A study of polytheism and idolatry in the Quran / |
| Statement of responsibility, etc. | Ḥusayni, Abbās Sayyid Karīmī |
| 260 ## - PUBLICATION, DISTRIBUTION, ETC. (IMPRINT) | |
| Place of publication, distribution, etc. | Iran : |
| Name of publisher, distributor, etc. | Cultural Affairs Department, the Ahl al-Bayt (ʹa) World Assembly, |
| Date of publication, distribution, etc. | 2010 |
| 300 ## - PHYSICAL DESCRIPTION | |
| Pagination | 136 p. ; |
| Size | 23 cm |
| 650 ## - SUBJECT ADDED ENTRY--TOPICAL TERM | |
| Topical term or geographic name as entry element | Polytheism |
| Form subdivision | Islam. |
| 9 (RLIN) | 98673 |
| Topical term or geographic name as entry element | God (Islam) |
| 9 (RLIN) | 219918 |
| 700 ## - ADDED ENTRY--PERSONAL NAME | |
| Personal name | Lembani , Kelvin |
| 942 ## - ADDED ENTRY ELEMENTS (KOHA) | |
| Source of classification or shelving scheme | Dewey Decimal Classification |
| Koha item type | Books |
| Lost status | Source of classification or shelving scheme | Damaged status | Not for loan | Collection code | Permanent Location | Current Location | Shelving location | Date acquired | Source of acquisition | Total Checkouts | Full call number | Date last seen | Copy number | Koha item type |
|---|---|---|---|---|---|---|---|---|---|---|---|---|---|---|
| Dewey Decimal Classification | Not For Loan | Non-fiction | Central Library, University of Rajshahi | Central Library, University of Rajshahi | Reading Room | 08/05/2017 | Iran Embassy | 297.211 HUS 2010 | 27/12/2017 | C-1 | Books |